Imágenes que iluminan la memoria (Record no. 1541)

MARC details
000 -CABECERA
campo de control de longitud fija 00799nam a2200205 a 4500
001 - NÚMERO DE CONTROL
campo de control BRCA_1758
005 - FECHA Y HORA DE LA ÚLTIMA TRANSACCIÓN
campo de control 20190320203534.0
008 - DATOS DE LONGITUD FIJA--INFORMACIÓN GENERAL
campo de control de longitud fija 260508s2004----mx-a---###---#000-0#spa-#
020 ## - NÚMERO INTERNACIONAL ESTÁNDAR DEL LIBRO
Número Internacional Estándar del Libro 9707015276
040 ## - FUENTE DE LA CATALOGACIÓN
Centro catalogador/agencia de origen YUS
Centro/agencia transcriptor YUS
Centro/agencia modificador CUY
050 #4 - SIGNATURA TOPOGRÁFICA DE LA BIBLIOTECA DEL CONGRESO
Número de clasificación F1266
Número de documento/Ítem .S25 2004
100 1# - ENTRADA PRINCIPAL--NOMBRE DE PERSONA
Nombre de persona Saldaña Villarreal, Maria Isabel
9 (RLIN) 5484
245 10 - MENCIÓN DE TÍTULO
Título Imágenes que iluminan la memoria
Mención de responsabilidad, etc. coordinadora María Isabel Saldaña Villarreal ; textos de imágenes Andrés Henestrosa.
260 ## - PUBLICACIÓN, DISTRIBUCIÓN, ETC.
Lugar de publicación, distribución, etc. Torreón Coahuila, México
Nombre del editor, distribuidor, etc. MUSA : Centro Cultural Arocena Laguna
Fecha de publicación, distribución, etc. 2004
300 ## - DESCRIPCIÓN FÍSICA
Extensión 177 p.
Otras características físicas il.
Dimensiones 27 cm.
651 #4 - PUNTO DE ACCESO ADICIONAL DE MATERIA--NOMBRE GEOGRÁFICO
Nombre geográfico Laguna Región (México)
Subdivisión de forma Trabajos Ilustrados
Subdivisión general Historia
Subdivisión cronológica Siglo XIX
9 (RLIN) 5485
651 #4 - PUNTO DE ACCESO ADICIONAL DE MATERIA--NOMBRE GEOGRÁFICO
Nombre geográfico Laguna Región
Subdivisión de forma Trabajos Ilustrados
Subdivisión general Historia
Subdivisión cronológica Siglo XX
9 (RLIN) 5486
700 1# - PUNTO DE ACCESO ADICIONAL--NOMBRE DE PERSONA
Nombre de persona Henestrosa, Andrés
9 (RLIN) 1789
942 ## - ELEMENTOS DE PUNTO DE ACCESO ADICIONAL (KOHA)
Fuente del sistema de clasificación o colocación Library of Congress Classification
Tipo de ítem Koha Libros
Holdings
Estado de retiro Estado de pérdida Estado dañado No para préstamo Localización permanente Ubicación/localización actual Fecha de adquisición Total de préstamos Signatura topográfica completa Código de barras Fecha visto por última vez Precio válido a partir de Tipo de ítem Koha
El ejemplar forma parte de la colección y puede ser consultado según las políticas vigentes.       Biblioteca del Museo Franz Mayer (Rogerio Casas-Alatriste) Biblioteca del Museo Franz Mayer (Rogerio Casas-Alatriste) 27/06/2008   F1266 .S25 2004 02386 22/03/2019 22/03/2019 Libros